| 000 | 00659nam a22001577a 4500 | ||
|---|---|---|---|
| 003 | OSt | ||
| 005 | 20160104154202.0 | ||
| 008 | 160104b xxu||||| |||| 00| 0 eng d | ||
| 040 | _cRUA | ||
| 082 | _aLMA KHE 2013 B317 Or.1 | ||
| 100 |
_95985 _aKHEAV, LOENG. |
||
| 245 | _aStudy on the process of socail land concession in chet borey district kratie, សិក្សាពីដំណើរការនៃការផ្ដល់សម្បទានដីសង្គមកិច្ចនៅស្រុកចិត្តបុរី ខេត្តក្រចេះ | ||
| 260 |
_aPhnom Penh _bRUA _c2013 |
||
| 300 |
_axi; 49p. _bill. _c29cm. |
||
| 942 |
_2ddc _cLMA |
||
| 999 |
_c5582 _d5582 |
||